[Event "Landesklasse Ost 2013/2014"]
[Site "?"]
[Date "2014.03.23"]
[Round "8"]
[White "Sauer, Marko"]
[Black "Schumann, Robert"]
[Result "1-0"]
[WhiteElo "1976"]
[BlackElo "1838"]
[PlyCount "121"]
[EventDate "2014.??.??"]
[WhiteTeam "SG Arnstadt-Stadtilm"]
[BlackTeam "TuS Osterburg Weida"]

1. e4 e5 2. Bc4 Nf6 3. Nc3 Nxe4 4. Qe2 Nxc3 5. Qxe5+ Qe7 6. Qxe7+ Bxe7 7. bxc3
c6 8. d4 d5 9. Bd3 O-O 10. Be3 Re8 11. Ne2 Nd7 12. O-O Nb6 13. a4 Nc4 14. Bc1
Bg4 15. f3 Bd7 16. Bf4 Nb2 17. Rfb1 Nxd3 18. cxd3 b6 19. Kf2 Bf5 20. Rd1 g5 21.
Be3 h6 22. g4 Bg6 23. h4 f5 24. hxg5 fxg4 25. fxg4 Bxg5 26. Bxg5 hxg5 27. Ng1
Rf8+ 28. Kg3 Rae8 29. Re1 Bxd3 30. Nf3 Rxe1 31. Rxe1 Bc2 32. Nxg5 Bxa4 33. Re7
a6 34. Rb7 Bb5 35. Kh4 a5 36. Ne6 Re8 37. Rg7+ Kh8 38. Rg6 Bd3 39. Rf6 a4 40.
Nf4 Be4 41. Nh5 a3 42. Rh6+ Bh7 43. g5 Re4+ 44. Kg3 Re7 45. Rxc6 a2 46. Rc8+
Bg8 47. Ra8 Re8 48. Rxa2 Bf7 49. Nf4 Re3+ 50. Kg4 Rxc3 51. Ra8+ Kg7 52. Ra7 Kg8
53. Kf5 Rc6 54. g6 Be8 55. Re7 Rc8 56. Nxd5 Rd8 57. Rxe8+ Rxe8 58. Nf6+ Kf8 59.
Nxe8 Kxe8 60. Kf6 Kf8 61. g7+ 1-0

[Event "Landesklasse Ost 2013/2014"]
[Site "?"]
[Date "2014.03.23"]
[Round "8"]
[White "Künzel, Andre"]
[Black "Schätz, Bianca"]
[Result "1/2-1/2"]
[WhiteElo "1900"]
[BlackElo "1817"]
[PlyCount "86"]
[EventDate "2014.??.??"]
[WhiteTeam "TuS Osterburg Weida"]
[BlackTeam "SG Arnstadt-Stadtilm"]

1. d4 d5 2. Nf3 Nf6 3. e3 e6 4. Bd3 b6 5. O-O Bb7 6. Nbd2 Nbd7 7. Re1 Ne4 8. c3
Be7 9. Qc2 Ndf6 10. Bb5+ c6 11. Bd3 Nxd2 12. Nxd2 O-O 13. e4 dxe4 14. Nxe4 Nxe4
15. Bxe4 g6 16. Bf4 Bd6 17. Qd2 Qc7 18. Bxd6 Qxd6 19. Qh6 Rfe8 20. Re3 Qf8 21.
Qf4 Rac8 22. h4 Qg7 23. Rd1 Ba6 24. h5 g5 25. Qd6 Qf8 26. Qg3 Qg7 27. h6 Qxh6
28. Qd6 Qf8 29. Qh2 f5 30. Bc2 Bc4 31. Qh5 Qf6 32. b3 Ba6 33. g4 Re7 34. gxf5
exf5 35. Bxf5 Rf8 36. Rxe7 Qxe7 37. Qh3 Rf6 38. Bd3 Bxd3 39. Qxd3 Qf7 40. Qd2
h6 41. Re1 Re6 42. Re3 Qf4 43. Qe2 Rxe3 1/2-1/2

[Event "Landesklasse Ost 2013/2014"]
[Site "?"]
[Date "2014.03.23"]
[Round "8"]
[White "Hattendorf, Jens"]
[Black "Heine, Robert"]
[Result "1-0"]
[WhiteElo "1881"]
[BlackElo "1594"]
[PlyCount "57"]
[EventDate "2014.??.??"]
[WhiteTeam "SG Arnstadt-Stadtilm"]
[BlackTeam "TuS Osterburg Weida"]

1. e4 d6 2. d4 Nf6 3. Nc3 Nbd7 4. f4 e5 5. Nf3 Qe7 6. Bc4 h6 7. O-O c6 8. a4 a5
9. Ba2 g6 10. Kh1 Bg7 11. fxe5 dxe5 12. dxe5 Nxe5 13. Nxe5 Qxe5 14. Bf4 Qe7 15.
Bd6 Qd7 16. e5 Nd5 17. Nxd5 cxd5 18. Bxd5 f5 19. exf6 Bf8 20. Be5 Rh7 21. f7+
Kd8 22. Bf6+ Kc7 23. Be5+ Kd8 24. Qd4 Ra6 25. Qc4 Qe7 26. Rad1 Qxe5 27. Be6+
Ke7 28. Qxc8 Rxe6 29. Qe8# 1-0

[Event "Landesklasse Ost 2013/2014"]
[Site "?"]
[Date "2014.03.23"]
[Round "8"]
[White "Wagner, Uwe"]
[Black "Jank, Kevin"]
[Result "1/2-1/2"]
[WhiteElo "1710"]
[BlackElo "1625"]
[PlyCount "45"]
[EventDate "2014.??.??"]
[WhiteTeam "TuS Osterburg Weida"]
[BlackTeam "SG Arnstadt-Stadtilm"]

1. Nf3 d5 2. b3 Nf6 3. Bb2 Bf5 4. e3 e6 5. Be2 Nbd7 6. d3 Bd6 7. O-O c6 8. Nbd2
Qe7 9. Re1 h6 10. Rc1 O-O 11. Bf1 Bg4 12. Be2 e5 13. c4 Bb4 14. Bc3 Bxc3 15.
Rxc3 e4 16. dxe4 dxe4 17. Nd4 Bxe2 18. Qxe2 c5 19. Nb5 Ne5 20. Rd1 a6 21. Na3
Rad8 22. f3 exf3 23. Nxf3 1/2-1/2

[Event "Landesklasse Ost 2013/2014"]
[Site "?"]
[Date "2014.03.23"]
[Round "8"]
[White "Marufke, Kai"]
[Black "Urban, Bernd"]
[Result "1-0"]
[WhiteElo "1875"]
[BlackElo "1698"]
[PlyCount "117"]
[EventDate "2014.??.??"]
[WhiteTeam "SG Arnstadt-Stadtilm"]
[BlackTeam "TuS Osterburg Weida"]

1. e4 c5 2. f4 d5 3. exd5 Qxd5 4. d3 Nf6 5. Nc3 Qd8 6. Be2 e6 7. Bf3 Be7 8.
Nge2 O-O 9. O-O a6 10. Be3 Qc7 11. Ng3 Nc6 12. Nge4 Nd4 13. Nxf6+ Bxf6 14. Be4
g6 15. Rb1 Bd7 16. Ne2 Bc6 17. c3 Nxe2+ 18. Qxe2 Rfe8 19. Rbd1 Rad8 20. Qf2 Rc8
21. Rfe1 b5 22. Bxc5 Bxe4 23. Bb6 Qc6 24. dxe4 Rb8 25. Ba7 Rb7 26. Qc5 Rc8 27.
Qxc6 Rxc6 28. Bd4 Kg7 29. Re2 b4 30. Bxf6+ Kxf6 31. cxb4 Rxb4 32. g3 Rbc4 33.
Kf2 e5 34. Ke3 Ke6 35. Rd5 f6 36. Red2 Rc2 37. Rd6+ Rxd6 38. Rxc2 Rb6 39. b3
Kd6 40. Rc8 Rb4 41. Ra8 Rb6 42. Ra7 h5 43. Rg7 Rc6 44. Rxg6 Ke6 45. Rh6 exf4+
46. gxf4 Rc3+ 47. Kf2 Rc2+ 48. Kg3 Rxa2 49. e5 Ra3 50. Rxf6+ Ke7 51. Kh4 Rxb3
52. Rxa6 Rf3 53. Rf6 Re3 54. Kxh5 Rh3+ 55. Kg5 Rxh2 56. Rh6 Re2 57. Kf5 Re1 58.
Rh7+ Ke8 59. Kf6 1-0

[Event "Landesklasse Ost 2013/2014"]
[Site "?"]
[Date "2014.03.23"]
[Round "8"]
[White "Heine, Mario"]
[Black "Scheller, Thomas"]
[Result "1/2-1/2"]
[WhiteElo "1698"]
[BlackElo "1615"]
[PlyCount "61"]
[EventDate "2014.??.??"]
[WhiteTeam "TuS Osterburg Weida"]
[BlackTeam "SG Arnstadt-Stadtilm"]

1. d4 d5 2. Nf3 e6 3. e3 Nf6 4. Bd3 Bd6 5. Nbd2 b6 6. O-O Bb7 7. Re1 Nbd7 8. e4
dxe4 9. Nxe4 Nxe4 10. Bxe4 Bxe4 11. Rxe4 O-O 12. Rh4 Be7 13. Rh3 Bf6 14. Qd3 g6
15. Bh6 Re8 16. Re1 e5 17. dxe5 Nxe5 18. Nxe5 Rxe5 19. Rd1 Qe7 20. Qd2 Re8 21.
Be3 Bg5 22. f4 Rxe3 23. Rxe3 Qxe3+ 24. Qxe3 Rxe3 25. fxg5 Re2 26. Rc1 Kg7 27.
h3 h6 28. gxh6+ Kxh6 29. Kh2 Kg5 30. Kg3 f5 31. Kf3 1/2-1/2

[Event "Landesklasse Ost 2013/2014"]
[Site "?"]
[Date "2014.03.23"]
[Round "8"]
[White "Maaz, Ernst"]
[Black "Lehmann, Volkhard"]
[Result "1/2-1/2"]
[WhiteElo "1842"]
[BlackElo "1653"]
[PlyCount "61"]
[EventDate "2014.??.??"]
[WhiteTeam "SG Arnstadt-Stadtilm"]
[BlackTeam "TuS Osterburg Weida"]

1. d4 d5 2. e3 e6 3. Bd3 Nf6 4. Nd2 b6 5. c3 Bb7 6. f4 Nbd7 7. Ngf3 c5 8. O-O
c4 9. Bc2 b5 10. a3 Bd6 11. Ne5 Ne4 12. Qf3 Ndf6 13. Ng4 Nxg4 14. Nxe4 dxe4 15.
Qxg4 g6 16. Bd2 f5 17. Qe2 h6 18. Kh1 Be7 19. g4 Bd5 20. Rg1 g5 21. gxf5 exf5
22. Raf1 g4 23. h3 h5 24. Kg2 Rg8 25. hxg4 Rxg4+ 26. Kh1 Kd7 27. Rxg4 hxg4 28.
Kg2 Bf6 29. Rh1 Qe7 30. Rh5 Ke6 31. Qf1 1/2-1/2

[Event "Landesklasse Ost 2013/2014"]
[Site "?"]
[Date "2014.03.23"]
[Round "8"]
[White "Anschütz, Mario"]
[Black "Sunderbrink, Heino"]
[Result "1-0"]
[WhiteElo "1846"]
[BlackElo "1968"]
[PlyCount "79"]
[EventDate "2014.??.??"]
[WhiteTeam "SSV Vimaria 91 Weimar"]
[BlackTeam "SV Medizin Erfurt"]

1. d4 d5 2. c4 e6 3. cxd5 exd5 4. Nc3 Nf6 5. Bg5 Be7 6. e3 c6 7. Bd3 Nbd7 8.
Nge2 O-O 9. Qc2 Re8 10. f3 Nf8 11. O-O-O b6 12. h3 Bb7 13. e4 N6d7 14. Bxe7
Qxe7 15. e5 a6 16. f4 c5 17. Qd2 f6 18. Rhe1 cxd4 19. Nxd4 fxe5 20. Nf5 Qc5 21.
Bc2 Ng6 22. fxe5 Ndxe5 23. Kb1 Nc4 24. Qd3 Qb4 25. Bb3 Rxe1 26. Rxe1 Qc5 27.
Bc2 Nce5 28. Qg3 d4 29. Na4 Qc7 30. Nxb6 Rf8 31. Nc4 Rxf5 32. Qb3 Rf7 33. Bf5
Nxc4 34. Re8+ Nf8 35. Qc2 Bd5 36. Bxh7+ Kh8 37. Bd3 Nd6 38. Rxf8+ Rxf8 39. Qxc7
Nb5 40. Qc5 1-0

[Event "Landesklasse Ost 2013/2014"]
[Site "?"]
[Date "2014.03.23"]
[Round "8"]
[White "Zeuner, Ulrich"]
[Black "Latka, Robert"]
[Result "0-1"]
[WhiteElo "1970"]
[BlackElo "1701"]
[PlyCount "102"]
[EventDate "2014.??.??"]
[WhiteTeam "SV Medizin Erfurt"]
[BlackTeam "SSV Vimaria 91 Weimar"]

1. b3 e5 2. Bb2 Nc6 3. e3 Nf6 4. Ne2 d5 5. Ng3 Bd6 6. c4 d4 7. Be2 O-O 8. O-O
Bc5 9. Bf3 Re8 10. e4 Be6 11. d3 Qd7 12. a3 a5 13. Nd2 Ng4 14. Bxg4 Bxg4 15. f3
Be6 16. Qe1 Ne7 17. Nh5 Ng6 18. f4 Bg4 19. Nxg7 Kxg7 20. f5 Nf4 21. Qh4 h5 22.
Rxf4 exf4 23. h3 Qe7 24. Qf2 Bxf5 25. exf5 Qe3 26. Ne4 b6 27. Re1 Qxf2+ 28.
Kxf2 Re5 29. Nxc5 Rxe1 30. Bxd4+ Kh6 31. Kxe1 bxc5 32. Bxc5 Rb8 33. b4 axb4 34.
axb4 Kg5 35. Kf2 Kxf5 36. b5 Rb7 37. Kf3 Rb8 38. Bd4 Rd8 39. b6 cxb6 40. Bxb6
Rxd3+ 41. Kf2 Rb3 42. Ba7 Ke4 43. c5 Rb2+ 44. Kf1 Rc2 45. Bb6 f3 46. g3 f2 47.
Kg2 f5 48. c6 f1=Q+ 49. Kxf1 Kf3 50. Ba5 Rxc6 51. Be1 Rc1 0-1

[Event "Landesklasse Ost 2013/2014"]
[Site "?"]
[Date "2014.03.23"]
[Round "8"]
[White "Vogel, Steffen"]
[Black "Kube, Hannelore"]
[Result "1/2-1/2"]
[WhiteElo "1821"]
[BlackElo "1820"]
[PlyCount "74"]
[EventDate "2014.??.??"]
[WhiteTeam "SSV Vimaria 91 Weimar"]
[BlackTeam "SV Medizin Erfurt"]

1. d4 d5 2. c4 e6 3. Nc3 c6 4. Nf3 f5 5. cxd5 exd5 6. Qc2 Nf6 7. Bf4 Bd6 8. Be5
O-O 9. e3 Qe7 10. Bd3 Ne4 11. Bxd6 Qxd6 12. Ne2 Be6 13. O-O Nd7 14. Nd2 Rae8
15. Rfd1 Ndf6 16. Nf1 Qd7 17. f3 Nd6 18. Nf4 Re7 19. Re1 g5 20. Nxe6 Qxe6 21.
Re2 Nh5 22. Rae1 Qf6 23. Qc5 a6 24. Nd2 Rfe8 25. a4 Ng7 26. e4 dxe4 27. fxe4
fxe4 28. Nxe4 Nxe4 29. Rxe4 Rxe4 30. Rxe4 Rxe4 31. Bxe4 Ne6 32. Qf5 Qxd4+ 33.
Kf1 Qd1+ 34. Kf2 Qd2+ 35. Kf1 Qd1+ 36. Kf2 Qd2+ 37. Kf1 Qd1+ 1/2-1/2

[Event "Landesklasse Ost 2013/2014"]
[Site "?"]
[Date "2014.03.23"]
[Round "8"]
[White "Fischer, Dennis"]
[Black "Petigk, Falk"]
[Result "1/2-1/2"]
[WhiteElo "1904"]
[BlackElo "1713"]
[PlyCount "116"]
[EventDate "2014.??.??"]
[WhiteTeam "SV Medizin Erfurt"]
[BlackTeam "SSV Vimaria 91 Weimar"]

1. d4 f5 2. Nc3 Nf6 3. Bg5 d5 4. Bxf6 exf6 5. e3 Be6 6. Nge2 Bb4 7. Nf4 Bf7 8.
Nd3 Be7 9. Qf3 g6 10. O-O-O c6 11. h4 h5 12. Qe2 Nd7 13. Kb1 Qc7 14. f3 O-O-O
15. Qf2 Bd6 16. e4 Bg3 17. Qd2 Nb6 18. exf5 Nc4 19. Qc1 Rde8 20. b3 Ne3 21. Rd2
Nxf5 22. Qa3 a6 23. Ne2 Bxh4 24. Nc5 Ne3 25. Nc3 Nxf1 26. Rxf1 Re7 27. Rdd1
Rhe8 28. N3a4 Bg3 29. Qb4 Kd8 30. Nb6 Be6 31. a4 Bc8 32. Na8 Qb8 33. Qb6+ Bc7
34. Nxc7 Qxc7 35. Qb4 h4 36. Qd2 Re2 37. Qh6 Bf5 38. Rd2 Rxd2 39. Qxd2 g5 40.
f4 g4 41. Qf2 Qh7 42. Rh1 h3 43. Qd2 Qe7 44. Qb4 Kc8 45. gxh3 gxh3 46. Qc3 Qe3
47. Qb4 Re7 48. Kb2 a5 49. Qxa5 Qxd4+ 50. Ka3 Qxf4 51. Rg1 Bh7 52. Rf1 Qxf1 53.
Qa8+ Kc7 54. Qxb7+ Kd6 55. Qb8+ Rc7 56. Nb7+ Ke6 57. Qxc7 Qa1+ 58. Kb4 Qe1+
1/2-1/2

[Event "Landesklasse Ost 2013/2014"]
[Site "?"]
[Date "2014.03.23"]
[Round "8"]
[White "Philipp, Mathias"]
[Black "Rost, Detlef"]
[Result "1/2-1/2"]
[WhiteElo "1653"]
[BlackElo "1885"]
[PlyCount "45"]
[EventDate "2014.??.??"]
[WhiteTeam "SSV Vimaria 91 Weimar"]
[BlackTeam "SV Medizin Erfurt"]

1. e4 c5 2. c3 Nf6 3. e5 Nd5 4. d4 cxd4 5. cxd4 d6 6. Nf3 Nc6 7. Nc3 e6 8. Nxd5
exd5 9. exd6 Bxd6 10. Bd3 Qe7+ 11. Qe2 Qxe2+ 12. Kxe2 O-O 13. Be3 Nb4 14. Ne1
Re8 15. a3 Nxd3 16. Nxd3 Bd7 17. Rac1 Bb5 18. Kd2 a5 19. Rhe1 f6 20. Bf4 Bxd3
21. Bxd6 Bc4 22. Rxe8+ Rxe8 23. Re1 1/2-1/2

[Event "Landesklasse Ost 2013/2014"]
[Site "?"]
[Date "2014.03.23"]
[Round "8"]
[White "Knorre, Jonas"]
[Black "Schmidt, Stephan"]
[Result "1/2-1/2"]
[WhiteElo "1686"]
[BlackElo "1639"]
[PlyCount "55"]
[EventDate "2014.??.??"]
[WhiteTeam "SV Medizin Erfurt"]
[BlackTeam "SSV Vimaria 91 Weimar"]

1. e4 e5 2. Nf3 Nc6 3. Bc4 Bc5 4. c3 d6 5. O-O Nf6 6. d4 exd4 7. cxd4 Bb6 8.
Nc3 h6 9. Re1 O-O 10. h3 Ne7 11. e5 dxe5 12. dxe5 Qxd1 13. Rxd1 Nh7 14. Na4 Nc6
15. Nxb6 axb6 16. Bd2 Re8 17. Bc3 Nf8 18. Rd2 Be6 19. Bxe6 Rxe6 20. a3 Rae8 21.
Rad1 Ng6 22. Rd7 R8e7 23. Kf1 Ngxe5 24. Nxe5 Nxe5 25. Rxe7 Rxe7 26. Rd8+ Kh7
27. Bxe5 Rxe5 28. Rd7 1/2-1/2

[Event "Landesklasse Ost 2013/2014"]
[Site "?"]
[Date "2014.03.23"]
[Round "8"]
[White "Scheitz, Michael"]
[Black "Stumm, Rainer"]
[Result "1-0"]
[WhiteElo "1900"]
[BlackElo "1599"]
[PlyCount "53"]
[EventDate "2014.??.??"]
[WhiteTeam "SSV Vimaria 91 Weimar"]
[BlackTeam "SV Medizin Erfurt"]

1. d4 Nf6 2. c4 c5 3. d5 e5 4. Nc3 d6 5. e4 g6 6. h3 Bg7 7. Be3 Na6 8. g4 h6 9.
Qd2 Nc7 10. Bd3 a6 11. a4 Rb8 12. Nge2 Qe7 13. Ng3 Bd7 14. f3 Kd8 15. Kf2 h5
16. Kg2 h4 17. Nge2 Nh7 18. a5 Rf8 19. Na4 Na8 20. Nec3 f6 21. Rab1 Bxa4 22.
Nxa4 Qc7 23. b4 b5 24. axb6 Nxb6 25. Nxb6 Rxb6 26. bxc5 Rxb1 27. cxd6 1-0

[Event "Landesklasse Ost 2013/2014"]
[Site "?"]
[Date "2014.03.23"]
[Round "8"]
[White "Seele, Hartmut"]
[Black "Plontke, Ingo"]
[Result "1/2-1/2"]
[WhiteElo "1796"]
[BlackElo "1905"]
[PlyCount "43"]
[EventDate "2014.??.??"]
[WhiteTeam "SV Medizin Erfurt"]
[BlackTeam "SSV Vimaria 91 Weimar"]

1. e4 g6 2. d4 Bg7 3. Bc4 d6 4. Nf3 Nf6 5. Nc3 O-O 6. O-O c6 7. Qe2 Bg4 8. h3
Bxf3 9. Qxf3 Nbd7 10. Bf4 e5 11. dxe5 Nxe5 12. Bxe5 dxe5 13. Rad1 Qe7 14. Rd3
b5 15. Bb3 a5 16. a4 Rab8 17. Rfd1 Rb7 18. Rd6 b4 19. Ne2 Rd7 20. Rxd7 Nxd7 21.
Qe3 Nc5 22. f3 1/2-1/2

[Event "Landesklasse Ost 2013/2014"]
[Site "?"]
[Date "2014.03.23"]
[Round "8"]
[White "Skibbe, Diana"]
[Black "Osterloh, Felix"]
[Result "1-0"]
[WhiteElo "1927"]
[BlackElo "1958"]
[PlyCount "49"]
[EventDate "2014.??.??"]
[WhiteTeam "SC Rochade Zeulenroda"]
[BlackTeam "SV Schott Jena"]

1. e4 e5 2. f4 exf4 3. Nf3 d6 4. d4 g5 5. Bc4 g4 6. O-O gxf3 7. Qxf3 Qf6 8. e5
dxe5 9. Nc3 Nc6 10. Nd5 Nxd4 11. Nxf6+ Nxf6 12. Qc3 Ne4 13. Qe1 f5 14. Bd3 Bd6
15. c3 Ne6 16. Bxe4 fxe4 17. Qxe4 Ng5 18. Qd5 Ke7 19. Bxf4 Nh3+ 20. gxh3 exf4
21. Rae1+ Kf8 22. Qd4 Rg8+ 23. Kh1 Kf7 24. Rxf4+ Bxf4 25. Qxf4+ 1-0

[Event "Landesklasse Ost 2013/2014"]
[Site "?"]
[Date "2014.03.23"]
[Round "8"]
[White "Wolfram, Thomas"]
[Black "Richter, Gerhard"]
[Result "1/2-1/2"]
[WhiteElo "1725"]
[BlackElo "2010"]
[PlyCount "24"]
[EventDate "2014.??.??"]
[WhiteTeam "SC Rochade Zeulenroda"]
[BlackTeam "SV Schott Jena"]

1. d4 e6 2. e3 b6 3. f4 Bb7 4. Nf3 f5 5. Be2 Nf6 6. O-O Be7 7. c4 O-O 8. Nc3
Ne4 9. d5 Nxc3 10. bxc3 Bf6 11. Qd3 Na6 12. Ba3 Nc5 1/2-1/2

[Event "Landesklasse Ost 2013/2014"]
[Site "?"]
[Date "2014.03.23"]
[Round "8"]
[White "Mauch, Johannes"]
[Black "Werner, Daniel"]
[Result "1-0"]
[WhiteElo "1783"]
[BlackElo "1759"]
[PlyCount "49"]
[EventDate "2014.??.??"]
[WhiteTeam "SV Schott Jena"]
[BlackTeam "SC Rochade Zeulenroda"]

1. e4 e5 2. Bc4 Bc5 3. Nc3 Nf6 4. d3 Nc6 5. Nge2 O-O 6. O-O Na5 7. Na4 Be7 8.
Nac3 Nxc4 9. dxc4 h6 10. Qd3 d6 11. f4 exf4 12. Bxf4 Nh5 13. Bd2 c6 14. Rf2 Be6
15. Raf1 Qd7 16. Ng3 Nxg3 17. Qxg3 Kh8 18. Bxh6 gxh6 19. Rf6 Bxf6 20. Rxf6 Bg4
21. Qf4 Kg8 22. Qxh6 Rfe8 23. Qg5+ Kf8 24. Rh6 f6 25. Qxf6+ 1-0

[Event "Landesklasse Ost 2013/2014"]
[Site "?"]
[Date "2014.03.23"]
[Round "8"]
[White "Uhlendorf, Kristina"]
[Black "Jordan, Gunter"]
[Result "1/2-1/2"]
[WhiteElo "1934"]
[BlackElo "1855"]
[PlyCount "33"]
[EventDate "2014.??.??"]
[WhiteTeam "SC Rochade Zeulenroda"]
[BlackTeam "SV Schott Jena"]

1. Nf3 g6 2. c4 Bg7 3. Nc3 d6 4. g3 e5 5. d4 Nc6 6. dxe5 dxe5 7. Qxd8+ Nxd8 8.
Nd5 Ne6 9. Bh3 f5 10. Ng5 Nxg5 11. Bxg5 h6 12. Nxc7+ Kd7 13. Nxa8 hxg5 14.
O-O-O+ Kc6 15. Bg2+ e4 16. b4 b6 17. Rd8 1/2-1/2

[Event "Landesklasse Ost 2013/2014"]
[Site "?"]
[Date "2014.03.23"]
[Round "8"]
[White "Tran, Tan"]
[Black "Martin, Elvira"]
[Result "1/2-1/2"]
[WhiteElo "778"]
[BlackElo "1192"]
[PlyCount "34"]
[EventDate "2014.??.??"]
[WhiteTeam "SV Schott Jena"]
[BlackTeam "SC Rochade Zeulenroda"]

1. e4 e5 2. Nf3 Nc6 3. Bc4 h6 4. O-O Nf6 5. d3 Bc5 6. h3 a6 7. Nc3 d6 8. a3 Nd4
9. Be3 c6 10. b4 Ba7 11. Qb1 b5 12. Ba2 a5 13. Nd2 a4 14. Nd1 O-O 15. c3 Ne2+
16. Kh1 Nf4 17. Bxf4 exf4 1/2-1/2

[Event "Landesklasse Ost 2013/2014"]
[Site "?"]
[Date "2014.03.23"]
[Round "8"]
[White "Taudte, Stefan"]
[Black "Seidens, Gunter"]
[Result "0-1"]
[WhiteElo "1977"]
[BlackElo "1927"]
[PlyCount "92"]
[EventDate "2014.??.??"]
[WhiteTeam "SV Empor Erfurt"]
[BlackTeam "VfL 1990 Gera"]

1. d4 Nf6 2. c4 e6 3. Nf3 Bb4+ 4. Bd2 Qe7 5. Nc3 b6 6. e3 Bb7 7. Bd3 Bxc3 8.
Bxc3 Ne4 9. Qc2 f5 10. O-O-O Nxc3 11. Qxc3 Nc6 12. a3 Qf6 13. Rhg1 Ne7 14. Nd2
c5 15. g4 O-O 16. gxf5 cxd4 17. exd4 Nxf5 18. Bxf5 Qxf5 19. f3 Rf7 20. b3 Raf8
21. Rg3 d5 22. c5 bxc5 23. dxc5 e5 24. Re1 Re8 25. b4 Bc6 26. Reg1 a5 27. Qb3
Qd7 28. Rg5 axb4 29. axb4 Kh8 30. Qb2 Rfe7 31. h4 Bb5 32. h5 h6 33. Rg6 Qf5 34.
Qa3 Qf4 35. R6g4 Qf6 36. Rg6 Qh4 37. Qa5 Bd3 38. R6g4 Qf6 39. b5 e4 40. f4 Qd4
41. Nb3 Qf2 42. Qc3 d4 43. Nxd4 Ra8 44. Rxg7 Rxg7 45. Rxg7 Ra2 46. Nf3 Ra1+ 0-1

[Event "Landesklasse Ost 2013/2014"]
[Site "?"]
[Date "2014.03.23"]
[Round "8"]
[White "Kretzschmar, Bernd"]
[Black "Zahn, Alina"]
[Result "0-1"]
[WhiteElo "1867"]
[BlackElo "1919"]
[PlyCount "102"]
[EventDate "2014.??.??"]
[WhiteTeam "VfL 1990 Gera"]
[BlackTeam "SV Empor Erfurt"]

1. e4 e5 2. Nf3 Nc6 3. Bb5 a6 4. Bxc6 dxc6 5. O-O Bg4 6. h3 Bh5 7. g4 Bg6 8.
Nxe5 Qh4 9. Qf3 f6 10. Nxg6 hxg6 11. Kg2 g5 12. d3 Ne7 13. Rh1 Qh7 14. Be3 Ng6
15. Qe2 O-O-O 16. Nd2 Nh4+ 17. Kf1 Bd6 18. Nf3 Qg6 19. Nxh4 Rxh4 20. Qf3 Kb8
21. Rb1 Rdh8 22. b4 Qh7 23. Kg2 Rf8 24. c4 g6 25. c5 Be7 26. Bd4 f5 27. Qg3 Bd8
28. f3 Qd7 29. Be5 Qxd3 30. Rbd1 Qe2+ 31. Qf2 Qxf2+ 32. Kxf2 fxe4 33. Rd7 Kc8
34. Rhd1 Rxh3 35. Kg2 Rhxf3 36. Bg3 R3f7 37. R7d4 Re7 38. a4 e3 39. b5 e2 40.
Ra1 Rfe8 41. bxa6 bxa6 42. Re1 Re6 43. Rb4 Bf6 44. Rb3 Bd4 45. Bf2 Bxf2 46.
Kxf2 Re4 47. Kf3 Rf4+ 48. Kg3 Ree4 49. Rf3 Rxg4+ 50. Kf2 Rgf4 51. Rxe2 Rxf3+
0-1

[Event "Landesklasse Ost 2013/2014"]
[Site "?"]
[Date "2014.03.23"]
[Round "8"]
[White "Schmuck, Helmut"]
[Black "Welde, Kevin"]
[Result "0-1"]
[WhiteElo "1957"]
[BlackElo "1853"]
[PlyCount "44"]
[EventDate "2014.??.??"]
[WhiteTeam "SV Empor Erfurt"]
[BlackTeam "VfL 1990 Gera"]

1. d4 Nf6 2. c4 g6 3. Nc3 d5 4. g3 Bg7 5. Bg2 c6 6. cxd5 cxd5 7. Qb3 e6 8. Qa3
Nc6 9. Nf3 Qb6 10. O-O Bd7 11. Na4 Qa6 12. b3 Ne4 13. Be3 b5 14. Ng5 Nxg5 15.
Bxg5 bxa4 16. Rac1 f6 17. e4 Nxd4 18. exd5 e5 19. Rc7 Nb5 20. Qc1 Nxc7 21. d6
Ne6 22. Bxf6 Rc8 0-1

[Event "Landesklasse Ost 2013/2014"]
[Site "?"]
[Date "2014.03.23"]
[Round "8"]
[White "Huster, Mike"]
[Black "Michalowski, Peter"]
[Result "1/2-1/2"]
[WhiteElo "1899"]
[BlackElo "1982"]
[PlyCount "33"]
[EventDate "2014.??.??"]
[WhiteTeam "VfL 1990 Gera"]
[BlackTeam "SV Empor Erfurt"]

1. d4 e6 2. g3 c5 3. Nf3 Nf6 4. Bg2 cxd4 5. Nxd4 d5 6. O-O e5 7. Nb3 Be6 8. c4
Nc6 9. cxd5 Bxd5 10. Nc3 Bxg2 11. Kxg2 Be7 12. f3 O-O 13. Bg5 Nd7 14. Bxe7 Qxe7
15. Nd5 Qd6 16. e4 Nf6 17. Nxf6+ 1/2-1/2

[Event "Landesklasse Ost 2013/2014"]
[Site "?"]
[Date "2014.03.23"]
[Round "8"]
[White "Streichardt, Niklas"]
[Black "Richter, Sven"]
[Result "0-1"]
[WhiteElo "1675"]
[BlackElo "1937"]
[PlyCount "134"]
[EventDate "2014.??.??"]
[WhiteTeam "SV Empor Erfurt"]
[BlackTeam "VfL 1990 Gera"]

1. e4 b6 2. d4 Bb7 3. Nc3 e6 4. a3 Nf6 5. Bd3 c5 6. Nge2 Nc6 7. dxc5 Bxc5 8. b4
Be7 9. O-O d5 10. exd5 Nxd5 11. Nxd5 Qxd5 12. c4 Qd8 13. Bb2 Bf6 14. Bxf6 Qxf6
15. Be4 Rc8 16. Qc2 h6 17. Rad1 Rc7 18. Qa4 O-O 19. b5 Ne5 20. Bxb7 Rxb7 21. f4
Ng4 22. Qb3 Qe7 23. Nd4 Qc5 24. Qf3 Rd7 25. Qxg4 Rxd4 26. Kh1 Qxc4 27. Rb1 Rfd8
28. Rfc1 Qa4 29. h3 Rxf4 30. Qg3 Rfd4 31. Qc7 R4d7 32. Qc3 Rd1+ 33. Rxd1 Rxd1+
34. Rxd1 Qxd1+ 35. Kh2 Qd6+ 36. Kh1 Kf8 37. Qb2 e5 38. Qc3 Qc5 39. Qd3 Qd4 40.
Qc2 Qa1+ 41. Kh2 Qxa3 42. Qc8+ Ke7 43. Qc7+ Ke6 44. Qc4+ Kf6 45. Qh4+ Kg6 46.
Qe4+ f5 47. Qxe5 Qc5 48. Qe6+ Kh7 49. Qd7 Qe5+ 50. Kh1 Qe4 51. Qc6 Qd3 52. Qc7
Qxb5 53. Qxa7 Qf1+ 54. Kh2 Qf4+ 55. Kh1 b5 56. Qa1 Qe4 57. Qc1 b4 58. Qd1 Qc4
59. Qf3 Qe6 60. Qd1 b3 61. Qb1 Kg6 62. h4 Qd5 63. Qb2 Qd1+ 64. Kh2 Qc2 65. Qe5
b2 66. Qe6+ Kh7 67. h5 f4 0-1

[Event "Landesklasse Ost 2013/2014"]
[Site "?"]
[Date "2014.03.23"]
[Round "8"]
[White "Manicke, Hans-Joachim"]
[Black "Nicolai, Tim"]
[Result "0-1"]
[WhiteElo "1921"]
[BlackElo "1647"]
[PlyCount "74"]
[EventDate "2014.??.??"]
[WhiteTeam "VfL 1990 Gera"]
[BlackTeam "SV Empor Erfurt"]

1. b4 d5 2. Bb2 Qd6 3. a3 a5 4. b5 e5 5. e3 Nd7 6. Nf3 Be7 7. c4 c6 8. Be2 Bf6
9. d4 e4 10. Nfd2 Ne7 11. Nc3 O-O 12. O-O Bg5 13. a4 Qh6 14. Ba3 Bxe3 15. Nb3
Bf4 16. g3 Bd6 17. bxc6 bxc6 18. Bxd6 Qxd6 19. cxd5 cxd5 20. Nb5 Qb4 21. Nd2
Nf5 22. Rb1 Qe7 23. Nc7 Ra7 24. Nxd5 Qd6 25. Nc3 Nxd4 26. Ndxe4 Nxe2+ 27. Qxe2
Qh6 28. Nb5 Ra6 29. Rfc1 Rg6 30. f4 Nb6 31. Qc2 Bf5 32. Nd4 Bd7 33. Nc5 Bc8 34.
Qc3 Nd5 35. Qf3 Nxf4 36. Kh1 Nh5 37. Ne2 Bg4 0-1

[Event "Landesklasse Ost 2013/2014"]
[Site "?"]
[Date "2014.03.23"]
[Round "8"]
[White "Strauch, Martin"]
[Black "Walther, Thomas"]
[Result "1-0"]
[WhiteElo "1770"]
[BlackElo "1870"]
[PlyCount "25"]
[EventDate "2014.??.??"]
[WhiteTeam "SV Empor Erfurt"]
[BlackTeam "VfL 1990 Gera"]

1. e4 c5 2. Nf3 Nc6 3. c3 d5 4. exd5 Qxd5 5. d4 cxd4 6. cxd4 Bg4 7. Nc3 Qd7 8.
d5 Bxf3 9. gxf3 O-O-O 10. dxc6 Qxc6 11. Bd2 Nf6 12. Rc1 Kb8 13. Bf4+ 1-0